| 000 | 00000nam##2200000za#4500 |
| 001 | 9.608169 |
| 003 | CaOODSP |
| 005 | 20210624213506 |
| 007 | cr ||||||||||| |
| 008 | 150406|2014||||xxc|||||o f|0| 0 fre|d |
| 040 | |aCaOODSP|bfre |
| 043 | |an-cn--- |
| 086 | 1 |aFs70-5/2014-085F-PDF |
| 110 | 1 |aCanada. |bMinistère des pêches et des océans. |
| 245 | 10|aRevue de la pêche au crabe des neiges (Chionoecetes opilio) dans le sud du golfe du Saint-Laurent (zones 12, 19, 12E et 12F) en 2013 / |h[ressource électronique]|c[par] M. Hébert, E. Wade, P. DeGrâce, J.-F. Landry, et M. Moriyasu. |
| 260 | |aMoncton - Nouveau-Brunswick : |bPêches et Océans Canada |cDécembre 2014. |
| 300 | |a54p.|bfigures en couleur, références, tableaux |
| 490 | 1 |aSecrétariat canadien de consultation scientifique, document de recherche|v2014/085, Région du Golfe |
| 546 | |aTexte en français, résumé en deux langues. |
| 590 | |a15-01|b2015-01-02 |
| 775 | 08|tReview of the 2013 snow crab (Chionoecetes opilio) fishery in the southern Gulf of St. Lawrence (areas 12, 19, 12E and 12F) / |w(CaOODSP)9.581360 |
| 830 | #0|aDocument de recherche (Secrétariat canadien de consultation scientifique)|v2014/085, Région du Golfe|w(CaOODSP)9.503788 |
| 856 | 40|ahttp://publications.gc.ca|qPDF|s2.88 Mo|uhttps://publications.gc.ca/collections/collection_2014/mpo-dfo/Fs70-5-2014-085-fra.pdf|y2014/085, Région du Golfe |